000 01029nam0a2200301 4500
001 RU\NLR\bibl\84818
005 20260406123534.0
010 _a5-04-003925-5
_910000
021 _aRU
_b2000-3325
_9166
035 _a(NLR Aleph) 000082834
090 _a461904
_c461904
100 _a20000510d2000 |||y0rusy50 ca
101 1 _arus
_ceng
102 _aRU
105 _ay |||||||||
200 1 _aДуэль с судьбой
_aОчарованный
_e[Романы]
_fБарбара Картленд
_g[Пер. с англ. Е. Фишгойт, В. Агеева]
210 _aМ.
_cЭКСМО-Пресс
_d2000
215 _a395, [2] с.
_d17
225 1 _aКружево
686 _aШ6(4Вл)67-440.4
700 1 _4070
_8rus
_7ca
_aКартланд
_bБ.
_f1901-2000
_gБарбара
_3RU\NLR\auth\77841
_9110879
801 0 _aRU
_bNLR
_c20000510
_gPSBO
801 1 _aRU
_bNLR
_c20000510
852 _aNLR
_j2000-2/364
942 _cBOOK
980 _aNB